Famous Canadian Singers - Picture Quiz - Statistics

General Stats
  • This quiz has been taken 371 times
  • The average score is 9 of 20
Answer Stats
Picture Answer % Correct
Justin Bieber
98%
Celine Dion
93%
Drake
90%
Avril Lavigne
80%
Michael Bublé
67%
Shania Twain
63%
Shawn Mendes
63%
Bryan Adams
53%
Neil Young
43%
Nelly Furtado
39%
Joni Mitchell
38%
Leonard Cohen
38%
Alanis Morissette
37%
k. d. lang
23%
Anne Murray
20%
Gordon Lightfoot
20%
Paul Anka
20%
Sarah McLachlan
15%
Diana Krall
9%
Rufus Wainwright
6%
No matching quizzes found
Score Distribution
Percent of People with Each Score
Percentile by Number Answered
Your Score History
You have not taken this quiz